书目信息 |
| 题名: |
世界名人速读
|
|
| 作者: | 赵志龙 , 杨君 编著 | |
| 分册: | ||
| 出版信息: | 北京 光明日报出版社 2010.01 |
|
| 页数: | 233页 | |
| 开本: | 23cm | |
| 丛书名: | ||
| 单 册: | ||
| 中图分类: | K811 | |
| 科图分类: | ||
| 主题词: | 名人--ming ren--生平事迹--世界 | |
| 电子资源: | ||
| ISBN: | 978-7-80145-937-4 | |
| 000 | 00964nam0 2200289 450 | |
| 001 | CAL 012010226031 | |
| 005 | 20110303095323.26 | |
| 010 | @a978-7-80145-937-4@dCNY29.80 | |
| 099 | @aCAL 012010226031 | |
| 100 | @a20101029d2010 em y0chiy50 ea | |
| 101 | 0 | @achi |
| 102 | @aCN@b110000 | |
| 105 | @aac a 001yc | |
| 200 | 1 | @a世界名人速读@Ashi jie ming ren su du@d= Fast reading of world celebrities@f赵志龙, 杨君等编著@zeng |
| 205 | @a第2版 | |
| 210 | @a北京@c光明日报出版社@d2010.01 | |
| 215 | @a233页@c图, 肖像@d23cm | |
| 320 | @a有书目和索引 | |
| 330 | @a本书介绍人类历史上名气最大、影响最深的100位名人,涉及政治、经济、军事、宗教、文学、艺术、科技等诸多领域。 | |
| 510 | 1 | @aFast reading of world celebrities@zeng |
| 606 | 0 | @a名人@Aming ren@x生平事迹@y世界 |
| 690 | @aK811@v4 | |
| 701 | 0 | @a赵志龙@Azhao zhi long@4编著 |
| 701 | 0 | @a杨君@Ayang jun@4编著 |
| 801 | 0 | @aCN@bJNU@c20110303 |
| 905 | @aZUCC@dK811@eZ3401=2@f3 | |
| 998 | @aJNU | |
| 世界名人速读= Fast reading of world celebrities/赵志龙, 杨君等编著.-第2版.-北京:光明日报出版社,2010.01 |
| 233页:图, 肖像;23cm |
| ISBN 978-7-80145-937-4:CNY29.80 |
| 本书介绍人类历史上名气最大、影响最深的100位名人,涉及政治、经济、军事、宗教、文学、艺术、科技等诸多领域。 |
| ● |
| 相关链接 |
|
|
|
正题名:世界名人速读
索取号:K811/Z3401=2
 
预约/预借
| 序号 | 登录号 | 条形码 | 馆藏地/架位号 | 状态 | 备注 |
| 1 | 1194075 | 211940756 | 社科库309/309社科库 42排4列3层/ [索取号:K811/Z3401=2] | 在馆 | |
| 2 | 1194076 | 211940765 | 社科库309/309社科库 42排4列3层/ [索取号:K811/Z3401=2] | 在馆 | |
| 3 | 1194077 | 211940774 | 社科库309/309社科库 42排4列3层/ [索取号:K811/Z3401=2] | 在馆 |